UM Logo

The Classification of Zamolodchikov periodic quivers / (Record no. 20594)

MARC details
000 -LEADER
fixed length control field 00900nam a22002297a 4500
003 - CONTROL NUMBER IDENTIFIER
control field OSt
005 - DATE AND TIME OF LATEST TRANSACTION
control field 20251126204054.0
008 - FIXED-LENGTH DATA ELEMENTS--GENERAL INFORMATION
fixed length control field 240817b ||||| |||| 00| 0 eng d
040 ## - CATALOGING SOURCE
Transcribing agency 0
082 ## - DEWEY DECIMAL CLASSIFICATION NUMBER
Classification number DPer 510.5 Am351 February - April 2019 v. 141 n. 1-2
100 ## - MAIN ENTRY--PERSONAL NAME
Personal name Galashin, Pavel .
Relator term author.
9 (RLIN) 58135
245 ## - TITLE STATEMENT
Title The Classification of Zamolodchikov periodic quivers /
Statement of responsibility, etc. Pavel Galashin and Pavlo Pylyavskyy.
260 ## - PUBLICATION, DISTRIBUTION, ETC. (IMPRINT)
Place of publication, distribution, etc. Baltimore, Maryland U.S. ;
Name of publisher, distributor, etc. Johns Hopkins University Press ,
Date of publication, distribution, etc. April 2019.
300 ## - PHYSICAL DESCRIPTION
Extent Volume 141, pages 447-484 :
Other physical details illustration ;
Dimensions 28 cm.
500 ## - GENERAL NOTE
General note American Journal of Mathematics, vol. 141, no. 2, pages 447-485, April 2019.
650 #0 - SUBJECT ADDED ENTRY--TOPICAL TERM
Topical term or geographic name as entry element Mathematics.
9 (RLIN) 1041
650 #0 - SUBJECT ADDED ENTRY--TOPICAL TERM
Topical term or geographic name as entry element Mathematical analysis
9 (RLIN) 15001
650 #0 - SUBJECT ADDED ENTRY--TOPICAL TERM
Topical term or geographic name as entry element Classification
9 (RLIN) 1601
700 ## - ADDED ENTRY--PERSONAL NAME
Personal name Galashin, Pavel .
Relator term author.
9 (RLIN) 58135
700 ## - ADDED ENTRY--PERSONAL NAME
Personal name Pylyavskyy, Pavlo .
Relator term author.
9 (RLIN) 58136
942 ## - ADDED ENTRY ELEMENTS (KOHA)
Source of classification or shelving scheme Dewey Decimal Classification
Koha item type Periodicals
Holdings
Withdrawn status Lost status Source of classification or shelving scheme Damaged status Not for loan Collection code Home library Current library Date acquired Total Checkouts Full call number Date last seen Price effective from Koha item type Public note
    Dewey Decimal Classification     Periodicals UM Digos College - LIC UM Digos College - LIC 08/17/2024   DPer 510.5 Am351 February - April 2019 v. 141 n. 1-2 08/17/2024 08/17/2024 Periodicals Periodical Article